000
00184 a2200097 4500
020
_a
9780743270410
041
_a
eng
100
_a
Vince Fynn
245
_a
Protect and Defnd
942
_c
K
999
_c
26934
_d
26934